Tượng cổ Việt Nam với truyền thống điêu khắc dân tộc Giải thưởng Hội Văn nghệ dân gian Việt Nam
Giới thiệu nghệ thuật tượng cổ Việt Nam trong tiến trình lịch sử các giai đoạn: Người Việt cổ, giai đoạn đầu kỷ nguyên độc lập (thời Lý, Trần), các tượng tiêu biểu của thời kỳ độc lập thứ 2 (thời Lê sơ đến Nguyễn). Một số vấn đề của tượng cổ Việt Nam gồm: môi trường tồn tại, nghệ thuật và phân loại...
Bewaard in:
| Hoofdauteur: | |
|---|---|
| Formaat: | Boek |
| Taal: | Vietnamese |
| Gepubliceerd in: |
H.
Mỹ thuật
2001
|
| Onderwerpen: | |
| Tags: |
Voeg label toe
Geen labels, Wees de eerste die dit record labelt!
|
| Thư viện lưu trữ: | Mạng thư viện Đại học Đà Nẵng |
|---|
| LEADER | 01653nam a22003738a 4500 | ||
|---|---|---|---|
| 001 | 000014933 | ||
| 003 | 11303 | ||
| 005 | 20120516160520.0 | ||
| 008 | 120516s2001 b 000 0 vieod | ||
| 020 | |c 66000đ |d 700b | ||
| 041 | 0 | |a vie | |
| 080 | |a 71(V) | ||
| 082 | |a 731 |b CH-T | ||
| 084 | |a W103(1) |b T561C | ||
| 100 | 1 | |a Chu Quang Trứ | |
| 245 | 1 | 0 | |a Tượng cổ Việt Nam với truyền thống điêu khắc dân tộc |b Giải thưởng Hội Văn nghệ dân gian Việt Nam |c Chu Quang Trứ |
| 260 | |a H. |b Mỹ thuật |c 2001 | ||
| 300 | |a 549tr : tranh vẽ, 72tr ảnh |c 20cm | ||
| 500 | |a Thư mục: tr. 528-535 | ||
| 520 | |a Giới thiệu nghệ thuật tượng cổ Việt Nam trong tiến trình lịch sử các giai đoạn: Người Việt cổ, giai đoạn đầu kỷ nguyên độc lập (thời Lý, Trần), các tượng tiêu biểu của thời kỳ độc lập thứ 2 (thời Lê sơ đến Nguyễn). Một số vấn đề của tượng cổ Việt Nam gồm: môi trường tồn tại, nghệ thuật và phân loại tượng cổ | ||
| 653 | |a Điêu khắc dân gian | ||
| 653 | |a Tượng | ||
| 653 | |a Tượng Phật | ||
| 653 | |a Nghệ thuật | ||
| OWN | |a LSP | ||
| AVA | |a UDN50 |b LSP |d 731 CH-T |e available |t Error 5001 Not defined in file expand_doc_bib_avail. |f 3 |g 0 |h N |i 0 |k 1 | ||
| 999 | |a From the UDN01 | ||
| AVA | |a UDN50 |b LSP |d 731 CH-T |e available |t Error 5001 Not defined in file expand_doc_bib_avail. |f 3 |g 0 |h N |i 0 |k 1 | ||
| TYP | |a Monograph | ||
| TYP | |a Printed language | ||
| 980 | |a Mạng thư viện Đại học Đà Nẵng | ||